Analýza vývoja a štruktúry nezamestnanosti v ČSFR kandidátska dizertačná práca

Guardado en:
Detalles Bibliográficos
Autor principal: Brčková, Valentína
Autor Corporativo: Vysoká škola ekonomická v Bratislave
Otros Autores: Kontšeková, Oľga
Formato: Libro
Lenguaje:eslovaco
Publicado: Bratislava 1992
Materias:
Etiquetas: Agregar Etiqueta
Sin Etiquetas, Sea el primero en etiquetar este registro!

MARC

LEADER 00000nam a2200000 4500
001 c003820
005 20221214085243.4
041 0 |a slo 
044 |a SK 
245 1 0 |a Analýza vývoja a štruktúry nezamestnanosti v ČSFR  |b kandidátska dizertačná práca  |c Valentína Brčková ; školiteľ: Oľga Kontšeková 
264 1 |a Bratislava  |c 1992 
300 |a 180 s. 
610 2 0 |a nezamestnanosť 
610 2 0 |a sily pracovné 
610 2 0 |a trh práce 
610 2 0 |a ČSFR 
610 2 0 |a štruktúra síl pracovných 
610 2 0 |a Slovensko 
610 2 0 |a kategórie pracovníkov 
610 2 0 |a metódy štatistické 
100 1 |a Brčková, Valentína 
700 1 |a Kontšeková, Oľga 
710 2 |a Vysoká škola ekonomická v Bratislave